000 00309nam a22001217a 4500
008 180802b xxu||||| |||| 00| 0 eng d
082 _a813.52
245 _aGreat World Religions: Beliefs, Practices, Histories
_cOden,R
260 _c1994
300 _a6
_fCassette
440 _x18008322412
942 _2ddc
_cMX
999 _c46723
_d46723